{"text_format":"3","workbook":"xlsx","n_sheets":1,"sheets":["Предмет"],"not_rendered":{"defined_names":8},"read":"whole","date_system":"1900"}

{"sheet":"Предмет","index":0,"n_rows":49,"n_cols":16,"rows_kept":49}
["№","СНИЛС","Фамилия","Имя","Отчество","Пол","Дата рождения","Участник с ОВЗ","Класс","Класс участия","Балл","Макс. Балл","Статус","Призер МЭ прошлого года","Учитель","Место работы учителя"]
[1,2,3,4,5,6,7,8,9,10,11,12,13,14,15,16]
[1,17970969545,"Зайков","Матвей","Вячеславович","м","2013-12-28",null,5,5,30,80,null,null,"Шарипова Гамбария Раифовна","Муниципальное бюджетное общеобразовательное учреждение \"Средняя общеобразовательная школа № 12\""]
[2,18570610480,"Гареев","Артем","Русланович","м","2014-11-14",null,5,5,26,80,null,null,"Шарипова Гамбария Раифовна","Муниципальное бюджетное общеобразовательное учреждение \"Средняя общеобразовательная школа № 12\""]
[3,18114986178,"Карпов ","Мирон","Максимович","м","2014-04-23",null,5,5,29,80,null,null,"Шарипова Гамбария Раифовна","Муниципальное бюджетное общеобразовательное учреждение \"Средняя общеобразовательная школа № 12\""]
[4,18132602338,"Воронцов","Михаил","Николаевич ","м","2014-05-06",null,5,5,35,80,null,null,"Шарипова Гамбария Раифовна","Муниципальное бюджетное общеобразовательное учреждение \"Средняя общеобразовательная школа № 12\""]
[5,17819575324,"Индаева","Ясмина","Рустамжоновна","ж","2013-09-05",null,6,6,25,80,null,null,"Шарипова Гамбария Раифовна","Муниципальное бюджетное общеобразовательное учреждение \"Средняя общеобразовательная школа № 12\""]
[6,17733519491,"Салемгареева","Малика","Марселевна","ж","2013-07-01",null,6,6,19,80,null,null,"Шарипова Гамбария Раифовна","Муниципальное бюджетное общеобразовательное учреждение \"Средняя общеобразовательная школа № 12\""]
[7,17808284504,"Бикбова","Алия","Радиковна","ж","2013-08-21",null,6,6,25,80,null,null,"Шарипова Гамбария Раифовна","Муниципальное бюджетное общеобразовательное учреждение \"Средняя общеобразовательная школа № 12\""]
[8,17038308757,"Миннеханов","Данияр","Русланович","м","2012-01-27",null,7,7,43,80,null,null,"Шарипова Гамбария Раифовна","Муниципальное бюджетное общеобразовательное учреждение \"Средняя общеобразовательная школа № 12\""]
[9,17374024869,"Каримов","Радмир","Рафаэлевич","м","2012-08-31",null,7,7,43,80,null,null,"Шарипова Гамбария Раифовна","Муниципальное бюджетное общеобразовательное учреждение \"Средняя общеобразовательная школа № 12\""]
[10,17061153333,"Фаляхиев","Шамиль","Альбертович","м","2012-02-23",null,7,7,42,80,null,null,"Шарипова Гамбария Раифовна","Муниципальное бюджетное общеобразовательное учреждение \"Средняя общеобразовательная школа № 12\""]
[11,16967058828,"Журобоев","Шахзот","Шукратович","м","2011-12-09",null,7,7,30,80,null,null,"Шарипова Гамбария Раифовна","Муниципальное бюджетное общеобразовательное учреждение \"Средняя общеобразовательная школа № 12\""]
[12,17389488942,"Маняпов","Шамиль","Маратович","м","2012-09-12",null,7,7,47,80,"победитель",null,"Шарипова Гамбария Раифовна","Муниципальное бюджетное общеобразовательное учреждение \"Средняя общеобразовательная школа № 12\""]
[13,17053779278,"Аглиуллина","Алия ","Ренатовна","ж","2012-02-12",null,7,7,36,80,null,null,"Шарипова Гамбария Раифовна","Муниципальное бюджетное общеобразовательное учреждение \"Средняя общеобразовательная школа № 12\""]
[14,17035821653,"Колчерена","Нина","Яковлевна","ж","2012-01-12",null,7,7,36,80,null,null,"Шарипова Гамбария Раифовна","Муниципальное бюджетное общеобразовательное учреждение \"Средняя общеобразовательная школа № 12\""]
[15,16967067021,"Дусаева","Алсу","Рафаилеивна","ж","2011-12-06",null,7,7,29,80,null,null,"Шарипова Гамбария Раифовна","Муниципальное бюджетное общеобразовательное учреждение \"Средняя общеобразовательная школа № 12\""]
[16,16898261841,"Бедареева","Рамина","Валерьевна","ж","2011-10-06",null,7,7,21,80,null,null,"Шарипова Гамбария Раифовна","Муниципальное бюджетное общеобразовательное учреждение \"Средняя общеобразовательная школа № 12\""]
[18,16863711096,"Даминова","Малика","Рустемовна","ж","2011-10-07",null,8,8,32,100,null,null,"Шарипова Гамбария Раифовна","Муниципальное бюджетное общеобразовательное учреждение \"Средняя общеобразовательная школа № 12\""]
[19,16898276349,"Хасанова","Азалия","Наилевна","ж","2011-10-28",null,8,8,32,100,null,null,"Шарипова Гамбария Раифовна","Муниципальное бюджетное общеобразовательное учреждение \"Средняя общеобразовательная школа № 12\""]
[20,16520122623,"Иванов","Адель","Эдуардович","ж","2011-03-06",null,8,8,19,100,null,null,"Шарипова Гамбария Раифовна","Муниципальное бюджетное общеобразовательное учреждение \"Средняя общеобразовательная школа № 12\""]
[21,16684808013,"Ибрагимова","Алсу","Флюровна","ж","2011-06-06",null,8,8,63,100,"победитель",null,"Шарипова Гамбария Раифовна","Муниципальное бюджетное общеобразовательное учреждение \"Средняя общеобразовательная школа № 12\""]
[22,16653991916,"Сагутдинов","Самат","Риязович","м","2011-06-04",null,8,8,60,100,null,null,"Шарипова Гамбария Раифовна","Муниципальное бюджетное общеобразовательное учреждение \"Средняя общеобразовательная школа № 12\""]
[23,17072783478,"Каюмова","Ралина","Маратовна","ж","2012-02-19",null,8,8,61,100,null,null,"Шарипова Гамбария Раифовна","Муниципальное бюджетное общеобразовательное учреждение \"Средняя общеобразовательная школа № 12\""]
[24,16929053097,"Хисаева","Ильвина","Ильнуровна","ж","2011-11-03",null,8,8,63,100,"победитель",null,"Шарипова Гамбария Раифовна","Муниципальное бюджетное общеобразовательное учреждение \"Средняя общеобразовательная школа № 12\""]
[25,16947539731,"Марданшин","Радмир","Ренатович","м","2011-11-11",null,8,8,8,100,null,null,"Шарипова Гамбария Раифовна","Муниципальное бюджетное общеобразовательное учреждение \"Средняя общеобразовательная школа № 12\""]
[26,17340826463,"Логинова","Кира","Дмитриевна","ж","2011-01-20",null,9,9,57,100,null,null,"Шарипова Гамбария Раифовна","Муниципальное бюджетное общеобразовательное учреждение \"Средняя общеобразовательная школа № 12\""]
[27,16940192886,"Вдовина","Анастасия","Олеговна","ж","2010-12-21",null,9,9,57,100,null,null,"Шарипова Гамбария Раифовна","Муниципальное бюджетное общеобразовательное учреждение \"Средняя общеобразовательная школа № 12\""]
[28,17190472268,"Евдокимов","Матвей","Сергеевич","м","2010-07-02",null,9,9,25,100,null,null,"Шарипова Гамбария Раифовна","Муниципальное бюджетное общеобразовательное учреждение \"Средняя общеобразовательная школа № 12\""]
[29,17479067515,"Иванов","Егор","Владимирович","м","2010-04-15",null,9,9,24,100,null,null,"Шарипова Гамбария Раифовна","Муниципальное бюджетное общеобразовательное учреждение \"Средняя общеобразовательная школа № 12\""]
[30,17215849071,"Сахбиев","Булат","Эдуардович","м","2009-12-24",null,9,9,29,100,null,null,"Шарипова Гамбария Раифовна","Муниципальное бюджетное общеобразовательное учреждение \"Средняя общеобразовательная школа № 12\""]
[31,16443014943,"Долгов","Вадим","Сергеевич","м","2010-09-04",null,9,9,27,100,null,null,"Шарипова Гамбария Раифовна","Муниципальное бюджетное общеобразовательное учреждение \"Средняя общеобразовательная школа № 12\""]
[32,17282817994,"Корнеева","Анастасия","Сергеевна","ж","2010-01-05",null,9,9,81,100,"победитель",null,"Шарипова Гамбария Раифовна","Муниципальное бюджетное общеобразовательное учреждение \"Средняя общеобразовательная школа № 12\""]
[33,17001002680,"Захарова","Эвелина","Артемовна","ж","2010-09-27",null,9,9,75,100,null,null,"Шарипова Гамбария Раифовна","Муниципальное бюджетное общеобразовательное учреждение \"Средняя общеобразовательная школа № 12\""]
[34,17404334142,"Зиатдинов","Артур","Ленарович","м","2010-09-17",null,9,9,20,100,null,null,"Шарипова Гамбария Раифовна","Муниципальное бюджетное общеобразовательное учреждение \"Средняя общеобразовательная школа № 12\""]
[35,17822970099,"Мухамедьяров","Амир","Рустемович","м","2009-02-05",null,10,10,31,100,null,null,"Шарипова Гамбария Раифовна","Муниципальное бюджетное общеобразовательное учреждение \"Средняя общеобразовательная школа № 12\""]
[36,17234114839,"Мусин","Адель","Ильдарович","м","2009-05-19",null,10,10,64,100,"призер",null,"Шарипова Гамбария Раифовна","Муниципальное бюджетное общеобразовательное учреждение \"Средняя общеобразовательная школа № 12\""]
[37,17129986302,"Ризатдинов","Ильяз","Ильмирович","м","2009-09-01",null,10,10,71,100,"победитель",null,"Шарипова Гамбария Раифовна","Муниципальное бюджетное общеобразовательное учреждение \"Средняя общеобразовательная школа № 12\""]
[38,17870997644,"Першин","Павел","Денисович","м","2009-05-22",null,10,10,57,100,"призер",null,"Шарипова Гамбария Раифовна","Муниципальное бюджетное общеобразовательное учреждение \"Средняя общеобразовательная школа № 12\""]
[39,15432448654,"Резникова","Арина","Артуровна","ж","2009-01-19",null,10,10,42,100,null,null,"Шарипова Гамбария Раифовна","Муниципальное бюджетное общеобразовательное учреждение \"Средняя общеобразовательная школа № 12\""]
[40,17328036462,"Хайруллина","Диана","Руслановна","ж","2009-04-17",null,10,10,40,100,null,null,"Шарипова Гамбария Раифовна","Муниципальное бюджетное общеобразовательное учреждение \"Средняя общеобразовательная школа № 12\""]
[41,16013216909,"Багатеев","Дамир","Айратович","м","2009-10-05",null,10,10,27,100,null,null,"Шарипова Гамбария Раифовна","Муниципальное бюджетное общеобразовательное учреждение \"Средняя общеобразовательная школа № 12\""]
[42,16737347197,"Фокина","Арина","Ивановна","ж","2009-12-11",null,10,10,21,100,null,null,"Шарипова Гамбария Раифовна","Муниципальное бюджетное общеобразовательное учреждение \"Средняя общеобразовательная школа № 12\""]
[43,17247611268,"Хаертдинова","Камила","Юлдусовна","ж","2009-07-17",null,10,10,35,100,null,null,"Шарипова Гамбария Раифовна","Муниципальное бюджетное общеобразовательное учреждение \"Средняя общеобразовательная школа № 12\""]
[44,16780094391,"Мурзаева","Азалия","Ильдаровна","ж","2009-09-18",null,10,10,29,100,null,null,"Шарипова Гамбария Раифовна","Муниципальное бюджетное общеобразовательное учреждение \"Средняя общеобразовательная школа № 12\""]
[45,16329232762,"Камалова","Элина","Рамилевна","ж","2008-10-15",null,11,11,54,100,"победитель",null,"Шарипова Гамбария Раифовна","Муниципальное бюджетное общеобразовательное учреждение \"Средняя общеобразовательная школа № 12\""]
[46,17173547175,"Рамазанова","Рамиля","Ринатовна","ж","2008-12-09",null,11,11,36,100,null,null,"Шарипова Гамбария Раифовна","Муниципальное бюджетное общеобразовательное учреждение \"Средняя общеобразовательная школа № 12\""]
[47,16224122016,"Хазиев","Камиль","Ленарович","м","2008-07-29",null,11,11,9,100,null,null,"Шарипова Гамбария Раифовна","Муниципальное бюджетное общеобразовательное учреждение \"Средняя общеобразовательная школа № 12\""]
[48,16284252671,"Мингалеев","Амин","Рафикович","м","2008-01-31",null,11,11,38,100,null,null,"Шарипова Гамбария Раифовна","Муниципальное бюджетное общеобразовательное учреждение \"Средняя общеобразовательная школа № 12\""]